| 000 | 00588nam a22001937a 4500 | ||
|---|---|---|---|
| 005 | 20180213142420.0 | ||
| 010 | _aENG-122244 | ||
| 020 |
_c599.00 _a9789384246266 |
||
| 035 | _aEN-105776 | ||
| 037 | _bDBAD/PUB | ||
| 082 | _a000 | ||
| 100 | _aPathak, Vinod | ||
| 245 |
_aNational talent search exam : _cby Vinod Pathak / _bsolved model test papers |
||
| 250 | _arev.ed. | ||
| 260 |
_aNoida _bPhylicia marketing and distribution company _cc2016 |
||
| 270 |
_a1st floor, B-147, Sector-51 _bNoida _e201303 |
||
| 300 |
_a339p. _c23cm(pbk) |
||
| 942 |
_2ddc _cEN _h000 _mPAT |
||
| 999 |
_c149900 _d149900 |
||